| 000 | 00950nam a22003017a 4500 | ||
|---|---|---|---|
| 003 | CHAP | ||
| 005 | 20220817040848.0 | ||
| 008 | 971013s1985 r 00010 d | ||
| 010 | _a1652 | ||
| 011 | _a2624 | ||
| 035 | _a1819 | ||
| 040 | _cCHAP | ||
| 082 |
_a636.2 _bN38 |
||
| 110 |
_aNational Research Council. Washington. Subcommittee on Swine Nutrition _980375 |
||
| 245 | _aRuminant nitrogen usage | ||
| 260 |
_aWashington, D. C. : _bNational Academy, _c1985 |
||
| 300 |
_a138 p. _b: gráfs. |
||
| 500 | _a42-176 | ||
| 590 |
_aBATCH-UPD _b10 _c20130110 _lUCH01 _h0850 |
||
| 590 |
_aBATCH-UPD _b10 _c20130410 _lUCH01 _h0522 |
||
| 590 |
_aBATCH-UPD _b10 _c20130914 _lUCH01 _h1840 |
||
| 590 |
_aCONVERSION _b10 _c20130109 _lUCH01 _h1302 |
||
| 650 | 1 | 4 |
_aNitrógeno en nutrición animal. _981475 |
| 650 | 1 | 4 |
_aRumiantes _xAlimentación. |
| 901 | _aBK | ||
| 942 | _cLIBRO | ||
| 949 |
_a636.2 N38 _bBC _cLIBRO _d33724000097556 _eLIBRO _h78114 _i1819 _si _t80.18 |
||
| 999 |
_c1652 _d1652 |
||